000 00258nam a22001217a 4500
008 180115b xxu||||| |||| 00| 0 eng d
041 _aeng
080 _a82
100 _a22
101 _aGJU
245 _aQUANTITATIVE LITERACY
_cEVANS.B
942 _2udc
_cBK
999 _c40274
_d40274